<?xml version="1.0" encoding="UTF-8"?><?xml-stylesheet type="text/xsl" href="static/style.xsl"?><OAI-PMH xmlns="http://www.openarchives.org/OAI/2.0/" xmlns:xsi="http://www.w3.org/2001/XMLSchema-instance" xsi:schemaLocation="http://www.openarchives.org/OAI/2.0/ http://www.openarchives.org/OAI/2.0/OAI-PMH.xsd"><responseDate>2026-04-17T03:27:36Z</responseDate><request verb="GetRecord" identifier="oai:www.recercat.cat:2117/115145" metadataPrefix="marc">https://recercat.cat/oai/request</request><GetRecord><record><header><identifier>oai:recercat.cat:2117/115145</identifier><datestamp>2025-07-17T00:34:24Z</datestamp><setSpec>com_2072_1033</setSpec><setSpec>col_2072_452950</setSpec></header><metadata><record xmlns="http://www.loc.gov/MARC21/slim" xmlns:dcterms="http://purl.org/dc/terms/" xmlns:xsi="http://www.w3.org/2001/XMLSchema-instance" xmlns:doc="http://www.lyncode.com/xoai" xsi:schemaLocation="http://www.loc.gov/MARC21/slim http://www.loc.gov/standards/marcxml/schema/MARC21slim.xsd">
   <leader>00925njm 22002777a 4500</leader>
   <datafield ind2=" " ind1=" " tag="042">
      <subfield code="a">dc</subfield>
   </datafield>
   <datafield ind2=" " ind1=" " tag="720">
      <subfield code="a">Mata Perelló, Josep Maria</subfield>
      <subfield code="e">author</subfield>
   </datafield>
   <datafield ind2=" " ind1=" " tag="720">
      <subfield code="a">Alfonso Abella, María Pura</subfield>
      <subfield code="e">author</subfield>
   </datafield>
   <datafield ind2=" " ind1=" " tag="720">
      <subfield code="a">Climent Costa, Ferran</subfield>
      <subfield code="e">author</subfield>
   </datafield>
   <datafield ind2=" " ind1=" " tag="720">
      <subfield code="a">Parcerisa Duocastella, David</subfield>
      <subfield code="e">author</subfield>
   </datafield>
   <datafield ind2=" " ind1=" " tag="720">
      <subfield code="a">Vilaltella Farràs, Jaume</subfield>
      <subfield code="e">author</subfield>
   </datafield>
   <datafield ind2=" " ind1=" " tag="260">
      <subfield code="c">2013</subfield>
   </datafield>
   <datafield ind2=" " ind1=" " tag="520">
      <subfield code="a">En este artículo, nos centraremos en el Patrimonio Minero de la comarca valenciana de los Serranos / els Serrans. Se trata de una comarca situada casi en el centro de la Comunidad Valenciana, ubicada totalmente dentro del Sistema Ibérico, entre afloramientos de materiales mesozoicos, fundamentalmente del Cretácico y del Jurásico.&#xd;
Dentro de esta comarca existen interesantes elementos del Patrimonio Minero de la Comunidad Valenciana, aunque las actividades mineras no han gozado de gran desarrollo. Estos elementos se hallan relacionados fundamentalmente con Tejeras y con Hornos de Yeso.&#xd;
En esta comunicación, nos centraremos especialmente en los diferentes elementos, de los dos grupos acabados de mencionar.&#xd;
&#xd;
This article will focus on mining heritage in the valencian region of Los Serranos / Els Serrans. This county is located almost in the middle of the Valencian Community. It is located entirely within the Iberian System, surrounded by Mesozoic materials, mainly from the Cretaceous and Jurassic.&#xd;
Within this region there are many elements of the mining heritage of Valencian Community, although mining activities have not ever been so important. These elements are mainly related with tile furnaces and gypsum kilns. This paper is focused on these two types of elements of the mining heritage.</subfield>
   </datafield>
   <datafield ind2=" " ind1=" " tag="520">
      <subfield code="a">Postprint (published version)</subfield>
   </datafield>
   <datafield tag="653" ind2=" " ind1=" ">
      <subfield code="a">Àrees temàtiques de la UPC::Enginyeria civil::Geologia</subfield>
   </datafield>
   <datafield tag="653" ind2=" " ind1=" ">
      <subfield code="a">Geology--Spain</subfield>
   </datafield>
   <datafield tag="653" ind2=" " ind1=" ">
      <subfield code="a">Mineralogy--Spain</subfield>
   </datafield>
   <datafield tag="653" ind2=" " ind1=" ">
      <subfield code="a">Serranos</subfield>
   </datafield>
   <datafield tag="653" ind2=" " ind1=" ">
      <subfield code="a">Serrans</subfield>
   </datafield>
   <datafield tag="653" ind2=" " ind1=" ">
      <subfield code="a">Sistema Ibérico</subfield>
   </datafield>
   <datafield tag="653" ind2=" " ind1=" ">
      <subfield code="a">Patrimonio Minero</subfield>
   </datafield>
   <datafield tag="653" ind2=" " ind1=" ">
      <subfield code="a">Tejeras</subfield>
   </datafield>
   <datafield tag="653" ind2=" " ind1=" ">
      <subfield code="a">Hornos de Yeso</subfield>
   </datafield>
   <datafield tag="653" ind2=" " ind1=" ">
      <subfield code="a">Comunidad Valenciana</subfield>
   </datafield>
   <datafield tag="653" ind2=" " ind1=" ">
      <subfield code="a">Iberian System</subfield>
   </datafield>
   <datafield tag="653" ind2=" " ind1=" ">
      <subfield code="a">Mining Heritage</subfield>
   </datafield>
   <datafield tag="653" ind2=" " ind1=" ">
      <subfield code="a">Tile furnace</subfield>
   </datafield>
   <datafield tag="653" ind2=" " ind1=" ">
      <subfield code="a">Gypsum kiln</subfield>
   </datafield>
   <datafield tag="653" ind2=" " ind1=" ">
      <subfield code="a">Valencian Community</subfield>
   </datafield>
   <datafield tag="653" ind2=" " ind1=" ">
      <subfield code="a">Geologia -- País Valencià</subfield>
   </datafield>
   <datafield tag="653" ind2=" " ind1=" ">
      <subfield code="a">Mineralogia -- País Valencià</subfield>
   </datafield>
   <datafield ind2="0" ind1="0" tag="245">
      <subfield code="a">Datos para el conocimiento del patrimonio minero de la comarca valenciana de Los Serranos</subfield>
   </datafield>
</record></metadata></record></GetRecord></OAI-PMH>